Príprava zamestnancov na zavádzanie procesu vnútornej kontroly

Vnútorná kontrola v podniku. Vnútorná kontrola ako súčasť vnútorného kontrolného systému podniku. Zložky vnútorného kontrolného systému. Kroky pri zavádzaní nového vnútorného kontrolného systému: prezentácia, diskusia, dôsledky. Komunikácia ako jedna zo zásad efektívnej implementácie riadenia kontro...

Descrizione completa

Salvato in:
Dettagli Bibliografici
Autore principale: Čarnogurská, Katarína
Natura: Capitolo di libro
Lingua:slovacco
Soggetti:
Tags: Aggiungi Tag
Nessun Tag, puoi essere il primo ad aggiungerne!!

MARC

LEADER 00000nla$a2200000$$$4500
001 0142245
005 20240502072541.0
041 0 |a slo 
044 |a SK 
245 1 0 |a Príprava zamestnancov na zavádzanie procesu vnútornej kontroly  |c Katarína Čarnogurská 
520 |a Vnútorná kontrola v podniku. Vnútorná kontrola ako súčasť vnútorného kontrolného systému podniku. Zložky vnútorného kontrolného systému. Kroky pri zavádzaní nového vnútorného kontrolného systému: prezentácia, diskusia, dôsledky. Komunikácia ako jedna zo zásad efektívnej implementácie riadenia kontrolného procesu. 
610 2 0 |a podnik 
610 2 0 |a kontrola vnútorná 
610 2 0 |a zamestnanci 
610 2 0 |a manažéri 
610 2 0 |a kontroling 
610 2 0 |a audit 
610 2 0 |a procesy podnikové 
610 2 0 |a výkonnosť 
610 2 0 |a práca 
100 1 |a Čarnogurská, Katarína